000 01494nam a2200229Ia 4500
003 Ost
005 20260507075756.0
008 260507s9999||||xx |||||||||||||| ||und||
020 _a9789969975031
040 _cfsecg
041 _aara
082 _a350.1
100 _aبكار، آمال
_eمؤلف
245 0 _aممارسات إدارة الموارد البشرية :
_bموجه إلى فائدة طلبة سنة أولى ماستر تخصص إدارة موارد بشرية /
_c آمال بكار
260 _aالجزائر:
_bدار إيلياء للنشر والتوزيع,
_c2024
300 _a146 صفحة؛
_bإيضاحات ؛
_c24 سم
504 _aمراجع ص.137-140
520 _aمفهوم الادارة و الوظائف الادارية ، ادارة الموارد البشرية ، التطور التاريخي لادارة الموارد البشرية و تسمياتها ، تحليل و تصميم و وصف و توصيف الوظيفة ، التوظيف و التدريب ، الاحتياجات التدريبية ، الاجور و الرواتب ، تقييم الاداء ، نظام معلومات الموارد البشرية ، السلامو المهنية ، الحوادث و الامراض المهنية ، طب العمل ، تسيير المسار المهني و نظام الحوافز ، نظام الانظباط و الحوافز .
653 _aادارة الافراد
653 _aالقوى العاملة
942 _cكتاب
999 _c46245
_d46245